| 000 | 01407ncm a2200349 a 4500 | ||
|---|---|---|---|
| 999 |
_c356714 _d356714 |
||
| 003 | BLK | ||
| 005 | 20250127160905.0 | ||
| 008 | 200409b bu ||||| |||| 00| 0 bu d | ||
| 040 | _aBLK | ||
| 041 |
_aRUS _cRUS |
||
| 080 |
_aКамерна вок. муз. Песни, балади, арии, романси _b784.3 _z784.3 |
||
| 080 |
_aХорове _b78.087.68 _z78.087.68 |
||
| 100 |
_9339424 _aСвиридов, Георги Василиевич _eпърви автор |
||
| 139 |
_aСвиридов, Георги Василиевич _bС 26 |
||
| 245 |
_aКурские песни _bДля смешан. хора и симф. оркестра _cГеорги Василиевич Свиридов ; Перелож. для пения с ф.-п. авт. |
||
| 257 | _aRUS | ||
| 260 |
_9402764 _aМосква _bМузыка _c1969 |
||
| 300 |
_a72 с. _c29 см |
||
| 380 | _a7 | ||
| 500 | _aТекст на англ. ез. | ||
| 650 | 7 |
_9166108 _aПесни |
|
| 650 | 0 |
_9354691 _aХорови песни, различни състави |
|
| 650 | 0 |
_9267007 _aКомпозитори, руски |
|
| 650 | 7 |
_aПиано - съпровод _2 _9166264 |
|
| 653 | 7 |
_9193581 _aпесни |
|
| 653 | 7 |
_9200118 _aхорове |
|
| 852 |
_aЦб М ІІ 5257 _bЦб |
||
| 942 |
_cNOT _n0 _s1 |
||
| 944 |
_c2020-04-22 _k30560 _lГеновева Генчева |
||
| 999 | _d352765 | ||
| 999 | _d352765 | ||